Mediálna výchova a teória mnohopočetnej inteligencie v jazykovej príprave budúcich manažérov

Učiteľom manažérov 3. tisícročia v oblasti jazykovej prípravy už nepostačujú klasické učebnice. Vo výučbe cudzích jazykov je potrebné zohľadňovať najnovšie poznatky z teórie mnohopočetnej inteligencie a využívať masmédiá, ako aj informačné a komunikačné technológie.

Enregistré dans:
Détails bibliographiques
Auteur principal: Horváthová, Jarmila
Autres auteurs: Holúbeková, Andrea
Format: Chapitre de livre
Langue:slovaque
Sujets:
Tags: Ajouter un tag
Pas de tags, Soyez le premier à ajouter un tag!

MARC

LEADER 00000naa$a2200000$$$4500
001 0021239
005 20231012081856.8
041 0 |a slo 
044 |a SK 
245 1 0 |a Mediálna výchova a teória mnohopočetnej inteligencie v jazykovej príprave budúcich manažérov  |c Jarmila Horváthová, Andrea Holúbeková 
520 |a Učiteľom manažérov 3. tisícročia v oblasti jazykovej prípravy už nepostačujú klasické učebnice. Vo výučbe cudzích jazykov je potrebné zohľadňovať najnovšie poznatky z teórie mnohopočetnej inteligencie a využívať masmédiá, ako aj informačné a komunikačné technológie. 
610 2 0 |a manažéri 
610 2 0 |a vzdelávanie ďalšie 
610 2 0 |a jazyky cudzie 
610 2 0 |a médiá 
610 2 0 |a výchova mediálna 
610 2 0 |a technológie informačné 
610 2 0 |a technológie komunikačné 
100 1 |a Horváthová, Jarmila 
700 1 |a Holúbeková, Andrea